Guess the Mystery Song from the Lyrics #9 - Statistics

General Stats
  • This quiz has been taken 23 times
  • The average score is 256 of 381
Answer Stats
Lyrics % Correct
a
100%
an
100%
I
100%
The
100%
the
100%
He
95%
he
95%
when
95%
you
95%
and
89%
And
89%
be
89%
to
89%
da
84%
in
84%
love
84%
me
84%
on
84%
can
79%
for
79%
I'm
79%
is
79%
it
79%
not
79%
that
79%
they
79%
like
74%
what
74%
are
68%
get
68%
goes
68%
his
68%
how
68%
It's
68%
it's
68%
La
68%
la
68%
Now
68%
of
68%
say
68%
son
68%
sure
68%
than
68%
who
68%
will
68%
As
63%
as
63%
at
63%
but
63%
But
63%
could
63%
man
63%
my
63%
play
63%
see
63%
some
63%
song
63%
star
63%
this
63%
with
63%
your
63%
you're
63%
away
58%
been
58%
better
58%
Bill
58%
'Cause
58%
clothes
58%
complete
58%
crowd
58%
Davy
58%
di
58%
drink
58%
free
58%
friend
58%
gin
58%
had
58%
here
58%
knew
58%
life
58%
man's
58%
mine
58%
movie
58%
navy
58%
Oh
58%
piano
58%
probably
58%
real
58%
really
58%
Saturday
58%
sit
58%
sitting
58%
sweet
58%
time
58%
tonic
58%
us
58%
we're
58%
while
58%
wore
58%
younger
58%
all
53%
alone
53%
bar
53%
doing
53%
drinking
53%
drinks
53%
from
53%
got
53%
If
53%
joke
53%
know's
53%
loneliness
53%
making
53%
melody
53%
memory
53%
mood
53%
never
53%
next
53%
nine
53%
o'clock
53%
old
53%
put
53%
regular
53%
sad
53%
says
53%
shuffles
53%
Sing
53%
still
53%
talking
53%
There's
53%
there's
53%
they're
53%
tonight
53%
up
53%
Well
53%
who's
53%
you've
53%
about
47%
alright
47%
beer
47%
businessmen
47%
call
47%
coming
47%
dee
47%
feeling
47%
forget
47%
gets
47%
gives
47%
good
47%
he's
47%
jar
47%
killing
47%
microphone
47%
out
47%
politics
47%
practicing
47%
pretty
47%
sharing
47%
slowly
47%
smells
47%
smile
47%
sounds
47%
stoned
47%
they've
47%
waitress
47%
wife
47%
Yes
47%
believe
42%
bread
42%
carnival
42%
estate
42%
face
42%
he'd
42%
John
42%
light
42%
novelist
42%
place
42%
quick
42%
rather
42%
smoke
42%
dum
37%
manager
37%
or
37%
Piano Man - Billy Joel
37%
ran
37%
Paul
26%
No matching quizzes found
Score Distribution
Percent of People with Each Score
Percentile by Number Answered
Your Score History
You have not taken this quiz